000 00561nam a22001817a 4500
003 OSt
005 20260414035332.0
008 260414b |||||||| |||| 00| 0 eng d
020 _a0-205-16521-4.
040 _aDWC-Main lib
_cOC
082 _aCirc. 302 K37s 1999
100 _aKenrick, Douglas T.
245 _aSocial psychology :
_bunraveling the mystery
_cDouglas T. Kenrick
260 _aBoston :
_bAllyn & Bacon,
_cc1999.
300 _axxi, 648 pages :
_bcolored illustration ;
_c28 cm.
650 _a1. Social psychology.
942 _2ddc
_cBK-CIRC
_kCirc.
_n0
999 _c9390
_d9390